| 000 | 00695nam a2200193Ia 4500 | ||
|---|---|---|---|
| 005 | 20251020182527.0 | ||
| 008 | 200515s9999 xx 000 0 und d | ||
| 082 | _a693.31/H13 | ||
| 100 | _aHADZICH, Miguel | ||
| 245 | 0 | _aVivienda Antisísmica de adobe : manual de construcción | |
| 260 | _aLima | ||
| 260 | _c1999 | ||
| 500 | _a1 ejemplar | ||
| 520 | _aLe enseñará a construir paso a paso una vivienda antisísmica capaz de resistir movimientos sísmicos de alto grado. La casa se encuentra construida de adobe y caña, tal como se acostumbra a utilizar en la costa y Sierra de nuestro país | ||
| 650 | _aADOBE | ||
| 650 | _aDISEÑO SISMORESISTENTE | ||
| 650 | _aLIB | ||
| 942 | _cLIB | ||
| 999 |
_c1947 _d1947 |
||